Ekonomický dopad minimálnej mzdy

Problematika minimálnej mzdy a jej určovania je obsiahnutá v rámci zákona č. 663/2007 Z. z. o minimálnej mzde v znení neskorších predpisov, ktorý upravuje určovanie a poskytovanie minimálnej mzdy zamestnancovi v pracovnoprávnom vzťahu alebo v obdobnom pracovnom vzťahu na zabezpečenie minimálnej úrov...

Descripción completa

Guardado en:
Detalles Bibliográficos
Autor principal: Mintál, Ján
Formato: Capítulo de libro
Lenguaje:eslovaco
Materias:
Etiquetas: Agregar Etiqueta
Sin Etiquetas, Sea el primero en etiquetar este registro!

MARC

LEADER 00000naa a2200000 4500
001 0301297
005 20240606103512.8
041 0 |a slo 
044 |a SK 
245 1 0 |a Ekonomický dopad minimálnej mzdy  |c Ján Mintál 
520 |a Problematika minimálnej mzdy a jej určovania je obsiahnutá v rámci zákona č. 663/2007 Z. z. o minimálnej mzde v znení neskorších predpisov, ktorý upravuje určovanie a poskytovanie minimálnej mzdy zamestnancovi v pracovnoprávnom vzťahu alebo v obdobnom pracovnom vzťahu na zabezpečenie minimálnej úrovne príjmu zamestnanca za vykonanú prácu. Výška minimálnej mzdy od 1. januára 2024. 
610 2 0 |a mzdy minimálne 
610 2 0 |a zamestnanci 
610 2 0 |a vzťahy pracovnoprávne 
610 2 0 |a pomer pracovný 
610 2 0 |a zvýhodnenie mzdové 
610 2 0 |a príplatky 
610 2 0 |a odvody 
610 2 0 |a zamestnávatelia 
610 2 0 |a ekonomika 
610 2 0 |a zákonník práce 
100 1 |a Mintál, Ján